000 00726nam a2200253Ia 4500
003 OSt
005 20220925222750.0
006 a|||||r|||| 00| 0
007 ta
008 220923b |||||||| |||| 00| 0 eng d
020 _a0853742405
_cPd 1.00
037 _cGeneral Book
040 _aRTL
_cRTL
_beng
041 _2eng
_aeng
082 _aX76.3.N8, M4
100 _aCarter Charles
_9129360
245 0 _aPurpose of Government expenditure
260 _aLondon
_bPolicy studies institute UK
_c1984
300 _a39p
_ccm.
490 _aPolicy studies institute publication. 629
650 _aExpenditure
_9236431
942 _hX76.3.N8, M4
_cGB
_2CC
999 _c577710
_d577710